Library of the University of Algiers 3
Ibrahim Sultan Cheibout
شعار جامعة الجزائر 3
مكتبة جامعة الجزائر 3
إبراهيم سلطان شيبوط

مقدمة في اقتصاديات الموارد والبيئة / (رقم التسجيلة. 43048)

تفاصيل مارك
000 -LEADER
fixed length control field 01516nam a2200229Ia 4500
003 - CONTROL NUMBER IDENTIFIER
control field Ost
005 - DATE AND TIME OF LATEST TRANSACTION
control field 20260507075119.0
008 - FIXED-LENGTH DATA ELEMENTS--GENERAL INFORMATION
fixed length control field 260507s9999||||xx |||||||||||||| ||und||
040 ## - CATALOGING SOURCE
Transcribing agency fsecg
041 ## - LANGUAGE CODE
Language code of text/sound track or separate title ara
082 ## - DEWEY DECIMAL CLASSIFICATION NUMBER
Classification number 333.7
100 ## - MAIN ENTRY--PERSONAL NAME
Personal name أبو السعود، محمدى فوزى
Relator term مؤلف
245 #0 - TITLE STATEMENT
Title مقدمة في اقتصاديات الموارد والبيئة /
Statement of responsibility, etc. محمدى فوزى أبو السعود
260 ## - PUBLICATION, DISTRIBUTION, ETC.
Place of publication, distribution, etc. الإسكندرية:
Name of publisher, distributor, etc. الدار الجامعية,
Date of publication, distribution, etc. 2005
300 ## - PHYSICAL DESCRIPTION
Extent 400 صفحة؛
Other physical details إيضاحات ؛
Dimensions 24 سم
520 ## - SUMMARY, ETC.
Summary, etc. تعريف الموارد وتقسماتها وتخصيصها- بعض الجوانب الإقتصادية المتعلقة بالموارد الطبيعية- اقتصاديات الموارد البشرية- اقتصاديات السكان- اقتصاديات التعليم- أزمة الطاقة- السياسة السعرية الزراعية- السياسة التسويقية الزراعية- الزراعة في الدول النامية- المشكلة الزراعية في مصر- الإصلاح الإقتصادي- الموارد الزراعية- الموارد المائية- مشكلة تلوث البيئة- البيئة والتلوث التوازن البيئي- مكافحة التلوث والإضرار البيئي
653 ## - INDEX TERM--UNCONTROLLED
Uncontrolled term إقتصاديات البيئة
653 ## - INDEX TERM--UNCONTROLLED
Uncontrolled term الإقتصاد
653 ## - INDEX TERM--UNCONTROLLED
Uncontrolled term البيئة
700 ## - ADDED ENTRY--PERSONAL NAME
Personal name مقلد، رمضان محمد وآخرون
Relator term مؤلف ثانوي
942 ## - ADDED ENTRY ELEMENTS (KOHA)
Koha item type كتب
المقتنيات
Withdrawn status Lost status Source of classification or shelving scheme Damaged status Not for loan Home library Current library Date acquired Serial enumeration / chronology Inventory number Total checkouts Full call number Barcode Date last seen Price effective from Koha item type
    Dewey Decimal Classification   NOT LOAN / إعارة داخلية مكتبة كلية العلوم الإقتصادية والعلوم التجارية وعلوم التسيير مكتبة كلية العلوم الإقتصادية والعلوم التجارية وعلوم التسيير 07/05/2026 الطابق الأرضي 1966/1   أ/1966ن1 1966/1 07/05/2026 07/05/2026 كتب
    Dewey Decimal Classification   Available مكتبة كلية العلوم الإقتصادية والعلوم التجارية وعلوم التسيير مكتبة كلية العلوم الإقتصادية والعلوم التجارية وعلوم التسيير 07/05/2026 الطابق الأرضي 1966/2   أ/1966ن2 1966/2 07/05/2026 07/05/2026 كتب
    Dewey Decimal Classification   Available مكتبة كلية العلوم الإقتصادية والعلوم التجارية وعلوم التسيير مكتبة كلية العلوم الإقتصادية والعلوم التجارية وعلوم التسيير 07/05/2026 الطابق الثاني 1966/3   أ/1966ن3 1966/3 07/05/2026 07/05/2026 كتب

موارد الويب المفتوحة


© University of Algiers 3 All Rights Reserved
|
Implemented by LECHELAH Riad